| 000 | ncm a22 a 4500 | ||
|---|---|---|---|
| 999 |
_c353904 _d353904 |
||
| 003 | BLK | ||
| 005 | 20201007040718.0 | ||
| 008 | 200413b bu ||||| |||| 00| 0 bu d | ||
| 040 | _aBLK | ||
| 041 |
_aRUS _cRUS |
||
| 080 |
_aКамерна вок. муз. Песни, балади, арии, романси _b784.3 _z784.3 |
||
| 100 |
_aШосон, Ернест _eпърви автор _91299 |
||
| 139 |
_aШосон, Ернест _bШ 86 |
||
| 245 |
_aРомансы _bДля голоса и фортепиано _cЭрнест Шоссон; Состав. А. Ерохин |
||
| 257 | _aRUS | ||
| 260 |
_9402764 _aМосква _bМузыка _c1969 |
||
| 300 |
_a66 с. _c29 см |
||
| 380 | _a7 | ||
| 501 | _aСъдържа: Романсы на слова Л. де Лиля Нанни: (Из цикла "Античные стихотворения" Л. де Лиля) Колибри Романсы на слова Т. Готье Бабочки Последний лист Романсы на слова М. Бушо Ноктюрн время сирени Песня любви: (По Шекспиру "Мера за меру") Песня Офелии: (По Шекспиру "Гамлет") Очарование Слова А. Сильвестра из цикла "Песня часов" Итальянская серенада Слова П. Бурже Геба: Греч. песня во фригийском стиле Слова Л. Аккермана Покой Слова П. Верлена Серенада Слова Ж. Лагора Признание Слова В. де Лиль-Адана Время Слова К. Моклер | ||
| 650 | 0 |
_9403472 _aРоманси, вокални |
|
| 653 | 7 |
_9195718 _aроманси |
|
| 653 | 7 |
_9188624 _aклавирен съпровод |
|
| 700 |
_91412 _aЕрохин, Александр. _eсостав. |
||
| 852 |
_aЦб М ІІ 5635 _bИП |
||
| 942 |
_cNOT _n0 _s1 |
||
| 944 |
_c2020-04-13 _kВалентина Караджова |
||
| 999 | _d353904 | ||